000
00308nam a22001457a 4500
008
230508b ||||| |||| 00| 0 eng d
020
_a
9780375423727
041
_a
eng
080
_a
94
082
_a
94GLE
100
_a
28
101
_a
HISTORI
245
_a
THE INFORMATION
_c
GLEICK.J
942
_2
udc
_c
BK
999
_c
59677
_d
59677